Normal view
MARC view
- Ranjit Singh,
Entry Personal Name
001 - CONTROL NUMBER
- control field: 3823
003 - CONTROL NUMBER IDENTIFIER
- control field: NUST
005 - DATE AND TIME OF LATEST TRANSACTION
- control field: 20170807125155.0
008 - FIXED-LENGTH DATA ELEMENTS
- fixed length control field: 170807|| aca||aabn | a|a d
040 ## - CATALOGING SOURCE
- Original cataloging agency: NUST
- Transcribing agency: NUST
100 ## - HEADING--PERSONAL NAME
- Personal name: Ranjit Singh,
- Titles and other words associated with a name: Maharaja of the Punjab,
- Dates associated with a name: 1780-1839.
670 ## - SOURCE DATA FOUND
- Source citation: Work cat.: (NUST)0: Smyth, George Carmichael, ed. 3822, A history of the reigning family of Lahore,, 1996
